| 000 | 00000nam##2200000za#4500 |
| 001 | 9.696499 |
| 003 | CaOODSP |
| 005 | 20210624235049 |
| 007 | cr ||||||||||| |
| 008 | 150407|2001||||xxc|||||o f|0| 0 eng|d |
| 040 | |aCaOODSP|beng |
| 043 | |an-cn--- |
| 086 | 1 |aH35-4/6-2001E-PDF |
| 110 | 1 |aCanada. |bHealth Canada. |
| 245 | 10|aDiabetes among aboriginal (First Nations, Inuit, and Métis) people in Canada : |h[electronic resource]|bthe evidence |
| 260 | |aOttawa - Ontario : |bHealth Canada |cMarch 10, 2001. |
| 300 | |a41p.|bfigs. (some coloured), graphs, references, tables |
| 500 | |aThe catalogue number (H35-4/6-2001E) and ISBN (0-662-29976-0) for the print edition have been incorrectly copied in this electronic publication. |
| 590 | |a12-35-Supp|b2012-08-09 |
| 690 | 07|aIndigenous peoples|2gcpds |
| 690 | 07|aDiabetes|2gcpds |
| 775 | 08|tLe diabète dans les populations autochtones (Premières nations, Inuits et Métis) du Canada : |w(CaOODSP)9.640613 |
| 776 | 0#|tDiabetes among aboriginal (First Nations, Métis, and Inuit) people in Canada : |w(CaOODSP)9.648047 |
| 856 | 40|ahttp://publications.gc.ca|qPDF|s758 KB|uhttps://publications.gc.ca/collections/Collection/H35-4-6-2001E.pdf |